Eminent Muslim Scientists the Quaid and Poets (Record no. 15436)

MARC details
000 -LEADER
fixed length control field 00268nam a22001097a 4500
082 ## - DEWEY DECIMAL CLASSIFICATION NUMBER
Classification number 297.925WAQ
100 ## - MAIN ENTRY--AUTHOR NAME
Personal name Waqar Ahmed
245 ## - TITLE STATEMENT
Title Eminent Muslim Scientists the Quaid and Poets
260 ## - PUBLICATION, DISTRIBUTION, ETC. (IMPRINT)
Place of publication Karachi:
Name of publisher Royal Book Company,
Year of publication 1987.
300 ## - PHYSICAL DESCRIPTION
Number of Pages 106p. ;
942 ## - ADDED ENTRY ELEMENTS (KOHA)
Koha item type Books
Holdings
Withdrawn status Lost status Home library Current library Date acquired Cost, normal purchase price Full call number Accession Number Koha item type
    Central Library, QUEST, Nawabshah Central Library, QUEST, Nawabshah 12/05/2016 90.00 297.925WAQ 14054 Books
    Reference Section Reference Section 12/05/2016 90.00 297.925WAQ (Shelf -19B) 14053 Books